WWF Royal Rumble 2000 Entrants - Statistics

General Stats
  • This quiz has been taken 19 times
  • The average score is 23 of 30
Answer Stats
Draw Entrant % Correct
4 Christian
94%
13 Edge
94%
28 Kane
94%
24 The Rock
94%
26 Big Show
88%
30 X-Pac
88%
9 Big Boss Man
82%
25 Billy Gunn
82%
15 Chris Jericho
82%
17 Chyna
82%
2 Grand Master Sexay
82%
5 Rikishi
82%
27 Bradshaw
76%
12 Gangrel
76%
3 Mosh
76%
19 Road Dogg
76%
6 Scotty 2 Hotty
76%
10 Test
76%
29 The Godfather
76%
8 Viscera
76%
20 Al Snow
71%
1 D'Lo Brown
71%
18 Faarooq
71%
23 Hardcore Holly
71%
21 Val Venis
71%
16 Crash Holly
65%
22 Prince Albert
65%
7 Steve Blackman
65%
11 The British Bulldog
65%
14 Bob Backlund
53%
No matching quizzes found
Score Distribution
Percent of People with Each Score
Percentile by Number Answered
Your Score History
You have not taken this quiz